Normal view
MARC view
- تاليف سالم، محمد رشاد
Entry Personal Name
001 - CONTROL NUMBER
- control field: 40756
003 - CONTROL NUMBER IDENTIFIER
- control field: JO-AjAnu
005 - DATE AND TIME OF LATEST TRANSACTION
- control field: 20230606080753.0
008 - FIXED-LENGTH DATA ELEMENTS
- fixed length control field: 230606|| aca||aabn | a|a d
040 ## - CATALOGING SOURCE
- Original cataloging agency: JO-AjAnu
- Transcribing agency: JO-AjAnu
100 ## - HEADING--PERSONAL NAME
- Personal name: تاليف سالم، محمد رشاد
670 ## - SOURCE DATA FOUND
- Source citation: Work cat.: (JO-AjAnu)20890: تاليف سالم، محمد رشاد, author, المدخل إلى الثقافة الإسلامية